| 000 | 01202nam a2200121Ia 4500 | ||
|---|---|---|---|
| 008 | 220620s9999||||xx |||||||||||||| ||und|| | ||
| 100 | _aVikulina, Anna||Volodkin, Dmitry | ||
| 245 | 0 | _aSelf-Assembly of Polymers | |
| 546 | _aEnglish[eng] | ||
| 650 | _aevaporative self-assembly||encapsulation||n/a||microstructure||solvent vapor annealing||drug delivery||polyhedral oligomeric silsesquioxane||protein adsorption resistance||photo-sensitive||calcium carbonate||fluorescence||mucin||polymerisation||marine exopolysaccharide||transglutaminases||porous hydrogel||adsorption||aprotinin||nanoparticle||calcium alginate||protamine||nanocrystalline||self-assembly||morphological transformation||cell culture||block polymers||stimuli-responsive polymer||crosslinking||mesoporous||Ti6Al4V||polymer||flexible geometric confinement||layer-by-layer||surface modification||co-synthesis||nanolithography||CaCO3||synthetic polypeptide||air-liquid interface||food industry||stimuli-responsive polymers||field-effect transistor||Marangoni convection||polymer scaffold||collagen||biomedicine||thin films||controlled release||tension gradient||monolayer | ||
| 856 | _uhttps://mdpi.com/books/pdfview/book/2230 | ||
| 942 | _cEB | ||
| 999 |
_c26882 _d26882 |
||